Justine o Los infortunios de la virtud
Na minha lista:
| Autor principal: | |
|---|---|
| Formato: | Livro |
| Idioma: | Undetermined |
| Publicado em: |
Barcelona
Tusquets Editores
1994
|
| Edição: | 2 |
| Assuntos: | |
| Tags: |
Adicionar Tag
Sem tags, seja o primeiro a adicionar uma tag!
|
MARC
| LEADER | 00000nam a2200000Ia 4500 | ||
|---|---|---|---|
| 008 | 170316s9999 xx 000 0 und d | ||
| 040 | |a cru BVZT | ||
| 090 | |a 840 S-1.1j | ||
| 100 | |a Sade, Marqués de | ||
| 245 | |a Justine o Los infortunios de la virtud | ||
| 250 | |a 2 | ||
| 260 | |a Barcelona | ||
| 260 | |b Tusquets Editores | ||
| 260 | |c 1994 | ||
| 300 | |a 338 páginas | ||
| 650 | |a LITERATURA FRANCESA | ||
| 650 | |a NOVELA | ||
| 942 | 0 | 0 | |0 2 |
| 999 | |c 7946 |d 7946 | ||
